|
|
|
|
| LEADER |
00876nab a2200241 i 4500 |
| 001 |
misc65134 |
| 005 |
20230530151919.0 |
| 008 |
230330s1953 hu o 0|| fre d |
| 022 |
|
|
|a 0007-7712
|
| 040 |
|
|
|a SZTE Miscellanea Repozitórium
|b hun
|
| 041 |
|
|
|a fre
|
| 100 |
1 |
|
|a Turková Helena
|
| 245 |
1 |
3 |
|a Le siège de Constantinople d'après le Seyāhatnāme d'Evliyā Čelebī
|h [elektronikus dokumentum] /
|c Turková Helena
|
| 260 |
|
|
|c 1953
|
| 300 |
|
|
|a 1-13
|c 24 cm
|
| 300 |
|
|
|a [13] p., 1 t.
|c 24 cm
|
| 490 |
0 |
|
|a Byzantinoslavica : Revue internationale des études byzantines
|
| 561 |
|
|
|a Németh Gyula hagyaték
|
| 591 |
|
|
|a NOA 6204
|
| 650 |
|
4 |
|a Bölcsészettudományok
|
| 650 |
|
4 |
|a Történettudomány és régészet
|
| 695 |
|
|
|a Evlija Cselebi, Konstantinápoly története
|
| 856 |
4 |
0 |
|u http://misc.bibl.u-szeged.hu/65134/1/6204_noa.pdf
|z Dokumentum-elérés
|